El París de man Ray
Guardat en:
| Autor principal: | |
|---|---|
| Format: | Llibre |
| Idioma: | espanyol |
| Publicat: |
Barcelona
Tusquets
2003
|
| Col·lecció: | Tiempo de Memoria, 27
|
| Matèries: | |
| Etiquetes: |
Afegir etiqueta
Sense etiquetes, Sigues el primer a etiquetar aquest registre!
|
MARC
| LEADER | 00000nam a2200000 a 4500 | ||
|---|---|---|---|
| 001 | UCL6079 | ||
| 003 | CL-VaPUC | ||
| 008 | 040326e20030000SP |||||||||||||||||spa|d | ||
| 020 | |a 8483108763 | ||
| 082 | 0 | 4 | |a 700.92 |b LOT |2 21 |
| 100 | |a Lottman, Herbert R. |e autor |9 483823 | ||
| 245 | 1 | 3 | |a El París de man Ray |
| 300 | |a 309 p | ||
| 942 | |c BK | ||
| 945 | |d 20040326 00:00:00 |a cmena | ||
| 260 | |a Barcelona |b Tusquets |c 2003 | ||
| 600 | 0 | 7 | |a MAN RAY |2 CL-VaPUC |9 483824 |
| 650 | 0 | |a Historia del arte |9 314877 | |
| 650 | 0 | |a Biografías |9 255210 | |
| 650 | 0 | |a Fotógrafos estadounidenses |9 327724 | |
| 583 | |a last modification |c 20040326 00:00:00 |k Rodrigo Vera | ||
| 490 | 0 | |a Tiempo de Memoria, 27 | |
| 999 | |c 308353 |d 308351 | ||
| 952 | |0 0 |1 0 |4 0 |6 700_920000000000000_LOT_2003 |7 0 |8 A |9 374794 |a BIBART |b BIBART |d 2019-11-21 |i 3991539 |o 700.92 LOT 2003 |p 3991539 |r 2025-03-13 |w 2019-11-21 |y BK |k ART | ||